000 00678 a2200193 4500
003 Nust
005 20170207165829.0
020 _a9780387884912
040 _cNust
082 _a621.38225
100 _aYingying Chen
110 2 _aZhang.
245 1 0 _aSecuring Emerging Wireless Systems (E-BOOK)
_bLower-layer Approaches /
_c.
260 _aBoston, MA :
_bSpringer-Verlag US,
_c2009.
300 _bv.: digital
505 _aIntroduction (Page-1) Part-I Secure Localization (Page-9) Part- II Defending Against Wireless Spoofing Attacks (Page-121) Part-III Defending Against Radio Interference (Page-173)
650 0 _aTelecommunications engineering - (E-BOOK)
651 _aE-Book
942 _2ddc
_cBK
999 _c213179
_d213179